Classification and distribution of the Recent Hemicytheridae and Trachyleberididae (Ostracoda) off northeastern North America, (Record no. 30302)
[ view plain ]
| 000 -LEADER | |
|---|---|
| fixed length control field | 01032cam a2200289 4500 |
| 001 - CONTROL NUMBER | |
| control field | gs 67000150 |
| 003 - CONTROL NUMBER IDENTIFIER | |
| control field | DLC |
| 005 - DATE AND TIME OF LATEST TRANSACTION | |
| control field | 20260227111420.0 |
| 008 - FIXED-LENGTH DATA ELEMENTS--GENERAL INFORMATION | |
| fixed length control field | 750401s1967 dcuab b 00010 eng c |
| 010 ## - LIBRARY OF CONGRESS CONTROL NUMBER | |
| LC control number | gs 67000150 //r882 |
| 040 ## - CATALOGING SOURCE | |
| Original cataloging agency | U.S. Geological Survey Library |
| 043 ## - GEOGRAPHIC AREA CODE | |
| Geographic area code | n------ |
| 050 0# - LIBRARY OF CONGRESS CALL NUMBER | |
| Classification number | QE75 |
| Item number | .P9 no. 564 |
| 051 ## - LIBRARY OF CONGRESS COPY, ISSUE, OFFPRINT STATEMENT | |
| Classification number | QE817.O8 |
| Item number | H34 |
| Copy information | Copy 2. |
| 082 ## - DEWEY DECIMAL CLASSIFICATION NUMBER | |
| Classification number | 557.3/08 s |
| -- | 565/.33 |
| 100 10 - MAIN ENTRY--PERSONAL NAME | |
| Personal name | Hazel, Joseph E., |
| Dates associated with a name | 1933- |
| 245 10 - TITLE STATEMENT | |
| Title | Classification and distribution of the Recent Hemicytheridae and Trachyleberididae (Ostracoda) off northeastern North America, |
| Statement of responsibility, etc. | by Joseph E. Hazel. |
| 260 0# - PUBLICATION, DISTRIBUTION, ETC. | |
| Place of publication, distribution, etc. | Washington, |
| Name of publisher, distributor, etc. | U.S. Govt. Print Off., |
| Date of publication, distribution, etc. | 1967. |
| 300 ## - PHYSICAL DESCRIPTION | |
| Extent | iii, 49 p. |
| Other physical details | illus., map. |
| Dimensions | 29 cm. |
| 490 1# - SERIES STATEMENT | |
| Series statement | Geological Survey professional paper 564 |
| 504 ## - BIBLIOGRAPHY, ETC. NOTE | |
| Bibliography, etc. note | Bibliography: p. 42-46. |
| 650 #0 - SUBJECT ADDED ENTRY--TOPICAL TERM | |
| Topical term or geographic name entry element | Hemicytheridae, Fossil. |
| 650 #0 - SUBJECT ADDED ENTRY--TOPICAL TERM | |
| Topical term or geographic name entry element | Trachyleberididae, Fossil. |
| 650 #0 - SUBJECT ADDED ENTRY--TOPICAL TERM | |
| Topical term or geographic name entry element | Paleontology |
| Chronological subdivision | Holocene. |
| 650 #0 - SUBJECT ADDED ENTRY--TOPICAL TERM | |
| Topical term or geographic name entry element | Paleontology |
| Geographic subdivision | North America. |
| 830 #0 - SERIES ADDED ENTRY--UNIFORM TITLE | |
| Uniform title | Geological Survey professional paper ; |
| Volume/sequential designation | 564. |
No items available.